Welcome to CU Library Online Public Access Catalogue (OPAC)

Differential Diagnosis in Laboratory Medicine (Record no. 349)

MARC details
000 -LEADER
fixed length control field 00414nam a22001457a 4500
005 - DATE AND TIME OF LATEST TRANSACTION
control field 20241029165336.0
008 - FIXED-LENGTH DATA ELEMENTS--GENERAL INFORMATION
fixed length control field 241029b |||||||| |||| 00| 0 eng d
020 ## - INTERNATIONAL STANDARD BOOK NUMBER
International Standard Book Number 8181280490
050 ## - LIBRARY OF CONGRESS CALL NUMBER
Classification number RB38.
Item number 2.D54 DIF
245 ## - TITLE STATEMENT
Title Differential Diagnosis in Laboratory Medicine
Remainder of title A Quick reference for Physicians
260 ## - PUBLICATION, DISTRIBUTION, ETC.
Place of publication, distribution, etc. New Delhi
Name of publisher, distributor, etc. Springer
Date of publication, distribution, etc. c2003
300 ## - PHYSICAL DESCRIPTION
Extent xxx,1098p
700 ## - ADDED ENTRY--PERSONAL NAME
Personal name Mesko, Dusan
942 ## - ADDED ENTRY ELEMENTS (KOHA)
Source of classification or shelving scheme Library of Congress Classification
Koha item type Books
Suppress in OPAC No
999 ## -
-- 349
-- 349
Holdings
Withdrawn status Lost status Source of classification or shelving scheme Damaged status Not for loan Collection Home library Current library Shelving location Date acquired Total checkouts Full call number Barcode Date last seen Copy number Price effective from Koha item type
    Library of Congress Classification     Non-fiction Undergraduate Library (Christ Temple) Undergraduate Library (Christ Temple) General stacks 10/29/2024   RB38.2.D54 DIF ulct00000084 10/29/2024 1 10/29/2024 Books
© 2023-2024 Copyright: Central University Libraries. All Rights Reserved | Created by: Mahone Tech Office